000
00305nam a2200121Ia 4500
008
190216s9999||||xx |||||||||||||| ||und||
100
_a
Robertis E D P & Robertis E M F
245
0
_a
Cell And Molecular Biology
260
_b
Bi.Waverly Pvt Ltd
_c
2011
300
_a
734p
650
_a
Botany
942
_c
BK
999
_c
1434
_d
1434